000 00611nam a22001817a 4500
005 20251108171153.0
008 250721s2002 xx 000 0 ara d
082 1 4 _a181.33/حور
100 1 _aالحوراني، ياسر عبد الكريم
245 1 0 _aالفكر الإقتصادي عند الإمام الغزالي /
264 1 _aعمان :
_bدار مجدلاوي للنشر و التوزيع،
_c2002.
300 _a440ص.
650 1 7 _aفلسفة الغزالي
650 1 7 _aالفلسفة الإسلامية
650 1 7 _aالفكر الإقتصادي
942 _2ddc
_cBK
999 _c58400
_d58400